00712nam a2200193 u 450000100100000000500170001000800410002702000150006804000250008308200150010810000360012324500810015926000380024030000200027850000420029870000480034095201130038899900170050100003462420200930073813.0111010s2005 cl a 000 0 spa d a9583001864 aDO-SdBNPbspacBNPHU axxxxbxxxx1 aKafka, Franz,d1883-192493139910aCarta al padre / :bFranz Kafka ; traducción José Martín Cristancho M. aBogotá, :bPanamericana,c2005. a92 p. ;c21 cm. aIncluye notas al pie de las páginas1 aCristancho M., José Martín,etr.960063 001050718MOaGRbGRcHDd2011-10-10iLF1l0oxxxx xxxxp34624-10r2020-06-25w2020-06-25y1ZNo se presta c34115d34115